Şehitler ölmez albümü (Record no. 1936)

MARC details
000 -BAŞLIK
Sabit Uzunlukta Kontrol Alanı 00606na a2200205 4500
001 - KONTROL NUMARASI
Denetim Alanı 14138
003 - KONTROL NUMARASI IDENTIFIER
Denetim Alanı MIRAKIL
005 - SON İŞLEM TARİHİ VE ZAMANI
Denetim Alanı 20181213154839.0
008 - SABİT-BOY VERİ ELEMANLARI - GENEL BİLGİLER
Sabit Uzunlukta Kontrol Alanı 160831b tu 000 0
040 ## - KATALOGLAMA KAYNAK
Orijinal Kataloglama Ajansı Milas
Kataloglama Dili tur
Metne Dönüştürmek Ajansı TR-AnCHP
082 ## - DEWEY ONLU SINIFLANDIRMA NUMARASI
Sınıflandırma Numarası 920.02
Ürün Numarası S33ş 2001
090 ## - SINIFLAMA NUMARASI
Sınıflama Numarası 920.02 Ş33 2001
245 ## - BAŞLIK TABLOSU
Başlık Şehitler ölmez albümü
Başlığın Kalan 1-2
260 ## - YAYIN, DAĞITIM, VB
Yayın, Dağıtım, Vb Yeri 2001
Yayıncı, Dağıtıcı, Vs Adı Şehit Aileleri ve Malül Gaziler Derneği
Yayın, Dağıtım, Vb Tarihi 2001
300 ## - FİZİKSEL TANIM
Kapsam 2 c.
Diğer Fiziksel Ayrıntıları fotg.
Boyutlar 30 sm.
490 ## - SERİSİ TABLOSU
Seri Beyanı Şehit Aileleri ve Malül Gaziler Derneği yayınları
Hacim / Ardışık Tanımı 1-2
650 ## - KONU KATMA GİRİŞ - TOPİKAL DÖNEM
Topikal Süreli Veya Coğrafi Ad Giriş Elemanı Şehitler
Genel Alt Bölümü Albümler
651 ## - KONU KATMA GİRİŞ - COĞRAFİ ADI
Coğrafi İsim Kıbrıs
Genel Alt Bölümü Şehitler
942 ## - EKLENDİ GİRİŞ ELEMANLARI (KOHA)
Sınıflandırma Veya Raf Düzeni Kaynak Dewey Decimal Classification
Koha Öğesi Türü Books
999 ## - SİSTEM KONTROL NUMARALARI (KOHA)
Koha Biblionumber 1936
Koha Biblioitemnumber 1936
Holdings
Kalıcı Konum Mevcut Konum Edinme Tarihi Edinim Kaynak Toplam Check-Out'Lar Tam Çağrı Numarası Barkod Tarih Son Görülme İtibaren Geçerli Fiyatlar Koha Öğesi Türü
CHP Kütüphanesi CHP Kütüphanesi 08/24/2016 Bağış   920.02 Ş33 2001 001855 08/24/2016 08/24/2016 Books
CHP Kütüphanesi CHP Kütüphanesi 08/24/2016 Bağış   920.02 Ş33 2001 001856 08/24/2016 08/24/2016 Books